00872nam a2200241Ia 450000100060000000300090000600800410001504000130005604000130006904100130008210000220009510000290011724500770014624500790022325000110030226000110031326000230032426000490034730000530039650001090044965000410055865000310059915201IT-RoPAU130308s9999 xx 000 0 und d aIT-RoPAU cIT-RoPAU aSPAGNOLO aSchiatti Lamberto gCodice Aut. SPICS: 1497 a"En la era de la comunicacion social-Los ""porques"" de la comunicacion" bMedios de comunicacion Social al servicio del Evangelio Y del hombre (Los) a1a ed. aMADRID bEdiciones Paulinas c1986 [1° Ed.:1986 - Ed.Ling.Originale:1986] a"3 p. (prefazione: no ; testo: 3 [pagine: 4-6])" aFenomeno complesso della Comunicazione Quattro Perche' Uomo Incapace di comunicare Comunicazione Sociale aSAGGI TEOLOGIA COMUNICAZIONE SOCIALE eCodice materia Spics: 9211